000 00627nam a2200181Ia 4500
008 151202s9999||||xx |||||||||||||| ||und||
082 _bPNVM-3825
100 _aदरेकर द.स.
245 _aबहुजन समाजांतील कर्मवीर.
260 _bकमलाबाई द. दरेकर.
260 _c0
300 _a0
600 _aदरेकर द.स.
630 _aबहुजन समाजांतील कर्मवीर.
700 _aदरेकर द.स.
730 _aबहुजन समाजांतील कर्मवीर.
942 _cBOOK
999 _c1269823
_d1269820